[Event "ROM-ch U10"]
[Site "Calimanesti"]
[Date "2015.04.02"]
[Round "4"]
[White "Pragai, Rares Alexandru"]
[Black "Hristachi, Adrian Stefan"]
[Result "1-0"]
[WhiteElo "1284"]
[BlackElo "1086"]
[PlyCount "49"]
[EventDate "2015.03.30"]
[EventType "swiss"]
[EventRounds "9"]
[EventCountry "ROU"]
[SourceTitle "CBM 165 Extra"]
[Source "ChessBase"]
[SourceDate "2015.04.21"]
[SourceVersion "1"]
[SourceVersionDate "2015.04.21"]
[SourceQuality "1"]

1. d4 e6 2. c4 d5 3. Nc3 Nf6 4. Bg5 Be7 5. Nf3 c5 6. e3 0-0 7. Bd3 Nc6 8. 0-0 h6 9. Bh4 b6 10. Ne5 Nxe5 11. dxe5 Nd7 12. Bxe7 Qxe7 13. cxd5 Nxe5 14. f4 Nxd3 15. Qxd3 Rd8 16. e4 a5 17. Rad1 exd5 18. Nxd5 Qd7 19. Qb3 Rb8 20. Nf6+ gxf6 21. Rxd7 Rxd7 22. Rd1 Rxd1+ 23. Qxd1 Bb7 24. Qd6 Bxe4 25. Qxb8+ 1-0

[Event "ROM-ch U10"]
[Site "Calimanesti"]
[Date "2015.03.31"]
[Round "2"]
[White "Hristachi, Adrian Stefan"]
[Black "Metehau, Luca Mihnea"]
[Result "0-1"]
[WhiteElo "1086"]
[BlackElo "1739"]
[PlyCount "60"]
[EventDate "2015.03.30"]
[EventType "swiss"]
[EventRounds "9"]
[EventCountry "ROU"]
[SourceTitle "CBM 165 Extra"]
[Source "ChessBase"]
[SourceDate "2015.04.21"]
[SourceVersion "1"]
[SourceVersionDate "2015.04.21"]
[SourceQuality "1"]

1. d4 d5 2. e3 e6 3. c4 Nf6 4. Nc3 c5 5. Nf3 Bd6 6. dxc5 Bxc5 7. Bd3 Nc6 8. 0-0 0-0 9. b3 b6 10. Qc2 Nb4 11. Qb2 Nxd3 12. Qd2 Nxc1 13. Raxc1 dxc4 14. Qxd8 Rxd8 15. bxc4 Bb7 16. Rcd1 Ne4 17. Nxe4 Bxe4 18. Nd4 e5 19. Nf3 f6 20. Rxd8+ Rxd8 21. Rc1 Rd3 22. Kf1 Ra3 23. Ra1 Bd3+ 24. Ke1 Bxc4 25. Nd2 Rxa2 26. Rxa2 Bxa2 27. Ke2 Bd5 28. g3 a5 29. f4 exf4 30. exf4 a4 0-1

[Event "ROM-ch U10"]
[Site "Calimanesti"]
[Date "2015.03.30"]
[Round "1"]
[White "Hristachi, Adrian Stefan"]
[Black "Gavris, Alexandru Catalin"]
[Result "0-1"]
[WhiteElo "1086"]
[BlackElo "1401"]
[PlyCount "84"]
[EventDate "2015.03.30"]
[EventType "swiss"]
[EventRounds "9"]
[EventCountry "ROU"]
[SourceTitle "CBM 165 Extra"]
[Source "ChessBase"]
[SourceDate "2015.04.21"]
[SourceVersion "1"]
[SourceVersionDate "2015.04.21"]
[SourceQuality "1"]

1. d4 d5 2. e3 Nf6 3. c4 c6 4. Nc3 e6 5. Be2 Be7 6. Nf3 0-0 7. 0-0 Nbd7 8. Bd2 a6 9. Rb1 b5 10. b3 Bb7 11. Re1 Rb8 12. cxb5 cxb5 13. Rb2 b4 14. Na4 a5 15. Rc2 Rc8 16. Rxc8 Qxc8 17. Qc1 Bc6 18. Ne5 Bxa4 19. bxa4 Nxe5 20. dxe5 Nd7 21. f4 Nb6 22. Bb5 Qxc1 23. Rxc1 Rc8 24. Rxc8+ Nxc8 25. Kf2 Nb6 26. Kf3 Nc4 27. Bxc4 dxc4 28. e4 Bc5 29. f5 Bb6 30. g4 Kf8 31. h4 g6 32. h5 gxh5 33. gxh5 Bd4 34. Kf4 b3 35. axb3 cxb3 36. Bc1 b2 37. Bxb2 Bxb2 38. Kg5 Bxe5 39. f6 Kg8 40. h6 Kf8 41. Kh5 Bxf6 42. e5 Bxe5 0-1